| 000 | 01849nam0a2200349 4500 | ||
|---|---|---|---|
| 001 | RU\NLR\BIBL_A\022419307 | ||
| 005 | 20250207165803.0 | ||
| 010 |
_a978-5-7247-1192-0 _990 |
||
| 021 |
_aRU _bКН-П-24-069215 _9КН-П-24-6918 |
||
| 035 | _a(NLR Aleph) 022419307 | ||
| 090 |
_a13338012 _c13338012 |
||
| 100 | _a20241223d2024 u y0rusy50 ca | ||
| 101 | 0 | _arus | |
| 102 | _aRU | ||
| 105 | _ay|||j|||000yy | ||
| 181 | 0 |
_ai _bxxxe |
|
| 182 | 0 | _an | |
| 200 | 1 |
_aИстория отечественного права XVIII – начале XX века _eучебное пособие _fЮ. Н. Бондаренко, П. А. Мухаметов _gФедеральное государственное казенное образовательное учреждение высшего образования "Уфимский юридический институт Министерства внутренних дел Российской Федерации" |
|
| 203 |
_aТекст _bвизуальный _cнепосредственный |
||
| 210 |
_aУфа _cУЮИ _d2024 |
||
| 215 |
_a63, [1] с. _d21 |
||
| 300 | _aНад вып. дан. авт.: Бондаренко Ю. В., Мухаметов П. А., кандидаты юрид. наук, доценты | ||
| 320 | _aБиблиогр.: с. 60–63 | ||
| 606 | 1 |
_aПраво _jУчебные издания для высших учебных заведений _xИстория _yРоссия _z18 - 20 вв. _92393715 _3RU\NLR\AUTH\661427300 |
|
| 686 | 1 | _aХ2(2)4я73 | |
| 686 | 1 | _aХ2(2)5я73 | |
| 700 | 1 |
_aБондаренко _bЮ. В. _gЮлия Викторовна |
|
| 701 | 1 |
_aМухаметов _bП. А. _gПавел Алексеевич |
|
| 942 | _cBOOK | ||
| 980 | _aNB | ||